Šifrovanie ako motivácia výučby

Šifrovacie programy a šifrovacie metódy. Šifrovanie ako motivácia výučby Vigenerova šifra a jej aplikácia v tabuľkovom procesori Excel. Názorný príklad použitia modulovej (zvyškovej) aritmetiky a narábania s textovými a vyhľadávacími funkciami v Exceli.

Guardado en:
Detalles Bibliográficos
Autor principal: Dávid, Arnold
Formato: Capítulo de libro
Lenguaje:eslovaco
Materias:
Etiquetas: Agregar Etiqueta
Sin Etiquetas, Sea el primero en etiquetar este registro!

MARC

LEADER 00000naa$a2200000$$$4500
001 0039884
005 20240502071506.0
041 0 |a slo 
044 |a SK 
245 1 0 |a Šifrovanie ako motivácia výučby  |c Arnold Dávid 
520 |a Šifrovacie programy a šifrovacie metódy. Šifrovanie ako motivácia výučby Vigenerova šifra a jej aplikácia v tabuľkovom procesori Excel. Názorný príklad použitia modulovej (zvyškovej) aritmetiky a narábania s textovými a vyhľadávacími funkciami v Exceli. 
610 2 0 |a matematika aplikovaná 
610 2 0 |a procesory tabuľkové 
610 2 0 |a kódovanie 
610 2 0 |a písmo 
610 2 0 |a Excel 
610 2 0 |a výučba vedecká 
100 1 |a Dávid, Arnold